| 000 | 01698cam a22004215a 4500 | ||
|---|---|---|---|
| 001 | 15004051 | ||
| 005 | 20201128013443.0 | ||
| 008 | 070912s2007 maua frb 001 0 eng | ||
| 010 | _a 2007299130 | ||
| 020 | _a9780071105354 (hbk.) | ||
| 020 | _a0071105352 (hbk.) | ||
| 040 |
_aDLC _beng _cDLC _dEG-ScBUE |
||
| 050 | 0 | 0 |
_aHF5635 _b.S7838 2007b |
| 082 | 0 | 4 |
_a657.044 _bSPI _222 |
| 100 | 1 |
_aSpiceland, J. David, _d1949- _91089 |
|
| 245 | 1 | 0 |
_aIntermediate accounting / _c J.David Spiceland, James F. Sepe, Lawrence A. Tomassini. |
| 250 | _aRev. 4th ed. | ||
| 260 |
_aBoston : _bMcGraw-Hill/Irwin, _cc2007. |
||
| 260 | _bDistributer: Baccah | ||
| 300 |
_axxviii, 1202 p. , p.[3] : _bill. (some col.) ; _c29 cm. |
||
| 500 | _a"Includes revised chapter 17 on pensions and other postretirement benefits incorporating SFAS 158"--Cover. | ||
| 500 | _aAppendix : p. 1129-1171. | ||
| 500 | _aIndexes :p.1183-1202 . | ||
| 500 | _aGlossary :p.1172-1179 | ||
| 504 | _aIncludes bibliographical references. | ||
| 590 | _aMenna Elemam | ||
| 650 | 0 |
_aAccounting. _2BUEsh |
|
| 651 | _2BUEsh | ||
| 653 |
_bBUSADM _cAugust2015 |
||
| 700 | 1 |
_aSepe, James F. _tauthor. |
|
| 700 | 1 |
_aTomassini, Lawrence A. _tauthor. |
|
| 856 | 4 | 2 |
_3Contributor biographical information _uhttp://www.loc.gov/catdir/enhancements/fy0804/2007299130-b.html |
| 856 | 4 | 2 |
_3Publisher description _uhttp://www.loc.gov/catdir/enhancements/fy0804/2007299130-d.html |
| 856 | 4 | 1 |
_3Table of contents only _uhttp://www.loc.gov/catdir/enhancements/fy0804/2007299130-t.html |
| 906 |
_a7 _bcbc _corigres _d3 _encip _f20 _gy-gencatlg |
||
| 942 |
_2ddc _cNB _k657.044 SPI |
||
| 999 |
_c10287 _d10287 |
||